| 000 | 00323nam a2200121Ia 4500 | ||
|---|---|---|---|
| 005 | 20251222140026.0 | ||
| 008 | 251222s1900||||xx |||||||||||||| ||spa|| | ||
| 020 | _a968-16-1602-2 | ||
| 082 | _a185/J14 | ||
| 100 | _a"Jaeger, Werner" | ||
| 245 | 0 | _aAristoteles: Bases para la historia de su desarrollo intelectual | |
| 942 | _cLIB | ||
| 999 |
_c2800 _d2800 |
||